[Event "Asia-ch U20 Girls"]
[Site "Chennai"]
[Date "2008.12.06"]
[Round "1"]
[White "Bharathi, R."]
[Black "Sowmia, A."]
[Result "1-0"]
[WhiteElo "2031"]
[BlackElo "1685"]
[PlyCount "53"]
[EventDate "2008.12.05"]
[EventType "swiss"]
[EventRounds "9"]
[EventCountry "IND"]
[SourceTitle "CBM 127 Extra"]
[Source "ChessBase"]
[SourceDate "2009.01.08"]
[SourceVersion "2"]
[SourceVersionDate "2009.01.28"]
[SourceQuality "1"]

1. e4 c6 2. d4 d5 3. exd5 cxd5 4. c4 Nf6 5. Nc3 Nc6 6. Nf3 Bg4 7. cxd5 Nxd5 8. Qb3 Nxc3 9. bxc3 Bxf3 10. gxf3 Qc7 11. d5 Nb8 12. Bb5+ Nd7 13. 0-0 a6 14. Bxd7+ Qxd7 15. a4 a5 16. Rb1 0-0-0 17. c4 g5 18. Bd2 Qc7 19. Bxa5 Qb8 20. Bxd8 Kxd8 21. Qxb7 Qxb7 22. Rxb7 Bg7 23. Rfb1 Be5 24. c5 Rg8 25. Rb8+ Bxb8 26. Rxb8+ Kc7 27. Rxg8 1-0